El Códice de las Huelgas, S. XII-XIV
Saved in:
| Corporate Authors: | , |
|---|---|
| Other Authors: | , , , , |
| Format: | Audio |
| Language: | Latin |
| Published: |
Madrid :
Hispavox,
p1994.
|
| Series: | Colección de música antigua española.
|
| Subjects: | |
| Tags: |
Add Tag
No Tags, Be the first to tag this record!
|
| LEADER | 02551njm a2200373 a 4500 | ||
|---|---|---|---|
| 001 | 007732326-2 | ||
| 005 | 20071015205743.0 | ||
| 008 | 980311s1994 sp zznn i | lat d | ||
| 028 | 0 | 2 | |a CDM 5 65314 2 |b Hispavox |
| 035 | 0 | |a ocm38765421 | |
| 040 | |a MH-Mu |c MH-Mu | ||
| 041 | |a lat |d lat |e spa | ||
| 130 | 0 | |a Las Huelgas codex. | |
| 245 | 1 | 3 | |a El Códice de las Huelgas, S. XII-XIV |h sound recording. |
| 260 | |a Madrid : |b Hispavox, |c p1994. | ||
| 300 | |a 1 sound disc: |b digital, stereo. ; |c 4 3/4 in. | ||
| 490 | 1 | |a Coleccíon de música antigua española | |
| 511 | 0 | |a Mercedes Gota, Carmen Orihuela, sopranos ; Lola Quijano, contralto ; Sisters of the Cistercian Monastery of Santa Maria la Real de las Huelgas ; Atrium Musicae ; Gregorio Paniagua, Jose Luis Ochoa de Olza, directors. | |
| 500 | |a Compact disc. | ||
| 500 | |a Program notes in Spanish (15 p.) inserted in container. | ||
| 505 | 0 | |a Planctus: 1. Rex obit (Por Alfonso VIII de Castilla, d. 1214) (01:55) -- 2. Plange, Castella misera (Por Sancho II de Castilla, d. 1158) (02:44) -- 3. Quis dabit capiti (Por un personaje o suceso desconocido) (01:47) -- 4. O monialis concio (Por la madre abadesa Da. María González de Agüero, d 1335) (02:13) -- Conductus: 5. De castitati thalamo (instrumental) (01:29) -- 6. Omnium in te (gregoriano) (00:56) -- 7. Ihesu clementissime (de una antifona "pro defuntis")(01:33) -- Bnedicamus: 8. Resurgentis (instrumental) (02:15) -- 9. Sane per omnia (Johannes Roderici) (01:23) -- Prosas: 10. Novis cedunt vetera (de Santa Maria) (02:16) -- 11. Flavit auster (de Santa Maria) (01:25) -- Benedicamus: 12. Catholicorum concio (a 2 voces) (01:59) -- 13. Virgini matri (Johannes Roderici) (01:48) -- 14. Exultemus et laetemur (01:08) -- Motetes: 15. Virgo parit puerum (a 3 voces "a cappella") (01:21) -- 16. Ex illustri nata prosapia (instrumental) (01:04) -- Conductus: 17. Casta catholica (05:54) -- 18. Ave María (Johannes Roderici) (03:30) -- Sanctus y agnus: 19. Cleri caetus (sanctus) (Instrumental) (01:39) -- 20. christi miseratio (agnus) (a 3 voces) (01:19). | |
| 650 | 0 | |a Gregorian chants. | |
| 650 | 0 | |a Part songs, Sacred. | |
| 650 | 0 | |a Music |z Spain. | |
| 700 | 1 | |a Gota, Mercedes. |4 prf | |
| 700 | 1 | |a Quijano, Lola. |4 prf | |
| 700 | 1 | |a Orihuela, Carmen. |4 prf | |
| 700 | 1 | |a Paniagua, Gregorio. |4 cnd | |
| 700 | 1 | |a Ochoa, José Luis. |4 cnd | |
| 710 | 1 | |a Burgos (Spain). |b Huelgas (Cistercian Abbey). |b Coro de Monjas. | |
| 710 | 2 | |a Atrium Musicae. | |
| 830 | 0 | |a Colección de música antigua española. | |
| 988 | |a 20020608 | ||
| 906 | |0 MH | ||


